00360nam a2200133Ia 4500008004100000020001800041041000800059082001600067100001900083245005700102260003700159300000800196650002200204210716s2009 xx 000 0 und d a9780143414575 aeng a374.22 FERJ aFerris, Julie. aAnything ask me- every fact you ever wanted to know. aLondonbDorling Kindersleyc2009 a303 aGeneral Knowledge